[Event "NATO-ch 20th"]
[Site "Hammelburg"]
[Date "2009.06.18"]
[Round "6"]
[White "Karbowiak, Adam"]
[Black "Gerardi, Saverio"]
[Result "1/2-1/2"]
[WhiteElo "2217"]
[BlackElo "2187"]
[PlyCount "24"]
[EventDate "2009.06.15"]
[EventType "swiss"]
[EventRounds "7"]
[EventCountry "GER"]
[SourceTitle "CBM 130 Extra"]
[Source "ChessBase"]
[SourceDate "2009.07.02"]
[SourceVersion "2"]
[SourceVersionDate "2009.07.15"]
[SourceQuality "1"]

1. Nf3 d5 2. g3 Nf6 3. Bg2 e6 4. 0-0 b5 5. d4 Bb7 6. Bf4 a6 7. a4 b4 8. Ne5 Nbd7 9. c4 Nxe5 10. Bxe5 c5 11. Nd2 Nd7 12. cxd5 Nxe5 1/2-1/2

[Event "Viterbo op 6th"]
[Site "Viterbo"]
[Date "2009.05.31"]
[Round "3"]
[White "Collutiis, Duilio"]
[Black "Gerardi, Saverio"]
[Result "1-0"]
[WhiteElo "2451"]
[BlackElo "2187"]
[PlyCount "51"]
[EventDate "2009.05.30"]
[EventType "swiss"]
[EventRounds "7"]
[EventCountry "ITA"]
[SourceTitle "EXT 2011"]
[Source "ChessBase"]
[SourceDate "2010.11.26"]
[SourceVersion "1"]
[SourceVersionDate "2010.11.26"]
[SourceQuality "1"]

1. Nf3 d5 2. g3 Nf6 3. Bg2 e6 4. 0-0 Be7 5. d3 0-0 6. Nbd2 b6 7. e4 Bb7 8. e5 Nfd7 9. Re1 c5 10. Nf1 Nc6 11. h4 Qc7 12. Bf4 d4 13. N1h2 Nb4 14. Ng4 Nd5 15. Bg5 Bxg5 16. hxg5 Ne7 17. Qe2 Ng6 18. Nd2 Rae8 19. Bxb7 Qxb7 20. f4 Qd5 21. Ne4 b5 22. a4 b4 23. b3 Re7 24. Ngf6+ gxf6 25. gxf6 Ree8 26. Qh5 1-0

[Event "NATO-ch 19th"]
[Site "Brussels"]
[Date "2008.08.07"]
[Round "6"]
[White "Gerardi, Saverio"]
[Black "Picart, Laurent"]
[Result "1-0"]
[WhiteElo "2176"]
[BlackElo "2114"]
[PlyCount "59"]
[EventDate "2008.08.04"]
[EventType "swiss"]
[EventRounds "7"]
[EventCountry "BEL"]
[SourceTitle "EXT 2015"]
[Source "ChessBase"]
[SourceDate "2014.11.20"]
[SourceVersion "1"]
[SourceVersionDate "2014.11.20"]
[SourceQuality "1"]

1. e4 e5 2. Nc3 Nf6 3. Nf3 Bb4 4. Bc4 d6 5. 0-0 0-0 6. d3 Bxc3 7. bxc3 Nbd7 8. Re1 Nc5 9. Bg5 Be6 10. Bb3 h6 11. Bh4 Qe7 12. d4 Nxb3 13. axb3 Bg4 14. h3 Bxf3 15. Qxf3 g5 16. Bg3 Rfe8 17. dxe5 dxe5 18. Red1 a6 19. h4 g4 20. Qe3 Kh7 21. Ra5 Rad8 22. Rxd8 Qxd8 23. Rxe5 Qd1+ 24. Kh2 Rxe5 25. Bxe5 g3+ 26. Kxg3 Qg4+ 27. Kh2 Qxh4+ 28. Kg1 Ng4 29. Qf4 Qe7 30. Qf5+ 1-0

[Event "Rome op"]
[Site "Rome"]
[Date "2007.11.01"]
[Round "4"]
[White "Gerardi, Saverio"]
[Black "Guidi, Maurizio"]
[Result "1/2-1/2"]
[WhiteElo "2156"]
[BlackElo "2078"]
[PlyCount "99"]
[EventDate "2007.10.29"]
[EventType "swiss"]
[EventRounds "9"]
[EventCountry "ITA"]
[SourceTitle "EXT 2009"]
[Source "ChessBase"]
[SourceDate "2008.11.26"]
[SourceVersion "1"]
[SourceVersionDate "2008.11.26"]
[SourceQuality "1"]

1. e4 c5 2. Nf3 Nc6 3. d4 cxd4 4. Nxd4 g6 5. Be3 Bg7 6. Nc3 Nf6 7. Be2 0-0 8. 0-0 d5 9. exd5 Nxd5 10. Nxd5 Qxd5 11. Bf3 Qc4 12. Nxc6 bxc6 13. c3 Bf5 14. Qb3 Qa6 15. a4 Rab8 16. Qa3 e5 17. Rfe1 Be6 18. b4 Rfd8 19. Be2 Bc4 20. Bxc4 Qxc4 21. Bxa7 Ra8 22. Bc5 Rd3 23. Rac1 e4 24. h3 Rxc3 25. Rxc3 Qxc3 26. Qxc3 Bxc3 27. Rc1 Bg7 28. a5 f5 29. Kf1 Kf7 30. Rd1 Bf8 31. Bxf8 Rxf8 32. Rd7+ Ke6 33. Rxh7 Rb8 34. Rg7 Kf6 35. Rc7 Rxb4 36. Rxc6+ Kg5 37. g3 Rb2 38. Re6 Ra2 39. a6 Kh5 40. Kg2 e3 41. Rxe3 Rxa6 42. h4 Ra2 43. Kf3 Rb2 44. Rd3 Ra2 45. Ke3 Rb2 46. f3 Ra2 47. Rd8 Ra3+ 48. Kf4 Ra4+ 49. Ke5 Ra5+ 50. Kf6 1/2-1/2

[Event "Rome op"]
[Site "Rome"]
[Date "2007.10.31"]
[Round "3"]
[White "Castelfranchi, Carlo"]
[Black "Gerardi, Saverio"]
[Result "1/2-1/2"]
[WhiteElo "2083"]
[BlackElo "2156"]
[PlyCount "83"]
[EventDate "2007.10.29"]
[EventType "swiss"]
[EventRounds "9"]
[EventCountry "ITA"]
[SourceTitle "EXT 2009"]
[Source "ChessBase"]
[SourceDate "2008.11.26"]
[SourceVersion "1"]
[SourceVersionDate "2008.11.26"]
[SourceQuality "1"]

1. e4 c5 2. Nf3 Nc6 3. d4 cxd4 4. Nxd4 e6 5. Nc3 Qc7 6. Be3 a6 7. Be2 b5 8. Nxc6 dxc6 9. 0-0 Bb7 10. f4 Nf6 11. e5 Nd5 12. Nxd5 cxd5 13. f5 Rc8 14. fxe6 fxe6 15. Bg4 Qxe5 16. Qf3 Qxe3+ 17. Qxe3 Bc5 18. Rae1 Kd8 19. Qxc5 Rxc5 20. Rf7 Bc8 21. Rxg7 Rxc2 22. b4 h5 23. Bxe6 Re8 24. Rg8 Rxg8 25. Bxg8 Rxa2 26. Bxd5 Rb2 27. Re4 Rd2 28. Re5 h4 29. Bf3 Kc7 30. Rc5+ Kb8 31. Rd5 Rc2 32. Rd4 Rc4 33. Rxc4 bxc4 34. Kf2 Bf5 35. Ke3 c3 36. Be2 Ka7 37. g4 Bg6 38. g5 Kb6 39. Bf1 a5 40. bxa5+ Kxa5 41. Bd3 c2 42. Bxc2 1/2-1/2

[Event "Campobasso op 14th"]
[Site "Campobasso"]
[Date "2007.07.22"]
[Round "5"]
[White "Gerardi, Saverio"]
[Black "Zimina, Olga"]
[Result "1/2-1/2"]
[WhiteElo "2130"]
[BlackElo "2377"]
[PlyCount "95"]
[EventDate "2007.07.20"]
[EventType "swiss"]
[EventRounds "6"]
[EventCountry "ITA"]
[SourceTitle "EXT 2009"]
[Source "ChessBase"]
[SourceDate "2008.11.26"]
[SourceVersion "1"]
[SourceVersionDate "2008.11.26"]
[SourceQuality "1"]

1. e4 e5 2. Nc3 Nc6 3. Nf3 Nf6 4. Bc4 Bc5 5. d3 d6 6. h3 a6 7. a3 Be6 8. Bxe6 fxe6 9. Be3 Bxe3 10. fxe3 0-0 11. Qd2 b5 12. Ne2 a5 13. 0-0 a4 14. Nc3 Rb8 15. d4 h6 16. Qd3 Qd7 17. Rad1 b4 18. Nxa4 bxa3 19. bxa3 Nxd4 20. Nc5 Nxf3+ 21. Rxf3 Qc6 22. Na6 Ra8 23. Nb4 Qa4 24. Qc4 Qd7 25. Rd3 Nh5 26. Nc6 Rxf3 27. Nxe5 Rf1+ 28. Kxf1 Rf8+ 29. Kg1 Qe8 30. Ng4 Ng3 31. Rd2 h5 32. Nf2 Qf7 33. a4 Ra8 34. c3 h4 35. e5 Nf5 36. exd6 cxd6 37. e4 Ng3 38. e5 Rb8 39. Qg4 d5 40. Qxh4 Rb1+ 41. Nd1 Qf1+ 42. Kh2 Ne2 43. Qd8+ Kf7 44. Qd7+ Kg6 45. Qe8+ Kh6 46. Qh8+ Kg6 47. Qe8+ Kh6 48. Qh8+ 1/2-1/2

[Event "Campobasso op 14th"]
[Site "Campobasso"]
[Date "2007.07.22"]
[Round "6"]
[White "Safranska, Anda"]
[Black "Gerardi, Saverio"]
[Result "0-1"]
[WhiteElo "2301"]
[BlackElo "2130"]
[PlyCount "157"]
[EventDate "2007.07.20"]
[EventType "swiss"]
[EventRounds "6"]
[EventCountry "ITA"]
[SourceTitle "EXT 2009"]
[Source "ChessBase"]
[SourceDate "2008.11.26"]
[SourceVersion "1"]
[SourceVersionDate "2008.11.26"]
[SourceQuality "1"]

1. Nf3 d5 2. g3 Nf6 3. Bg2 c5 4. d3 Nc6 5. Nbd2 e6 6. 0-0 Be7 7. e4 0-0 8. Re1 Re8 9. e5 Nd7 10. Nf1 Qc7 11. Bf4 Nf8 12. Qe2 Bd7 13. h4 Ng6 14. Bd2 f6 15. exf6 gxf6 16. h5 Nge5 17. Nxe5 Nxe5 18. f4 Nf7 19. f5 Ne5 20. h6 Kh8 21. Qh5 Rg8 22. Bf4 Bd6 23. Re2 Raf8 24. Kh1 d4 25. Rae1 exf5 26. Nd2 Ng4 27. Re7 Bxf4 28. gxf4 Ne3 29. Bf3 Qd6 30. Rg7 Be8 31. Qh4 Rxg7 32. hxg7+ Kxg7 33. Rg1+ Kh8 34. Nc4 Nxc4 35. Qg3 Bg6 36. dxc4 Qd7 37. Bd5 b5 38. Qf3 bxc4 39. Bxc4 Qg7 40. Rg2 Re8 41. Kg1 Qc7 42. a4 Kg7 43. b3 Re1+ 44. Kh2 Re3 45. Qf1 Qe7 46. Bd3 Re1 47. Qf3 Qe3 48. Qxe3 Rxe3 49. Bxf5 Rf3 50. Rg4 Kf7 51. Bxg6+ hxg6 52. Kg1 a5 53. Rh4 Rc3 54. Rh7+ Ke6 55. Ra7 Kf5 56. Rxa5 Kxf4 57. Ra6 Ke5 58. Rc6 Rxc2 59. a5 Rc3 60. a6 Rc1+ 61. Kf2 Ra1 62. Rxc5+ Kd6 63. Rc4 Rxa6 64. Rxd4+ Ke5 65. Rb4 f5 66. Kf3 g5 67. Rb5+ Kf6 68. Ke3 Re6+ 69. Kf3 g4+ 70. Kf2 Kg5 71. b4 Kf4 72. Rc5 Re4 73. b5 Rb4 74. Rd5 Ke4 75. Rc5 f4 76. Rg5 g3+ 77. Ke2 Rb2+ 78. Kd1 g2 79. Kc1 0-1

[Event "Campobasso op 14th"]
[Site "Campobasso"]
[Date "2007.07.20"]
[Round "2"]
[White "Lazarev, Vladimir"]
[Black "Gerardi, Saverio"]
[Result "1-0"]
[WhiteElo "2498"]
[BlackElo "2130"]
[PlyCount "69"]
[EventDate "2007.07.20"]
[EventType "swiss"]
[EventRounds "6"]
[EventCountry "ITA"]
[SourceTitle "EXT 2009"]
[Source "ChessBase"]
[SourceDate "2008.11.26"]
[SourceVersion "1"]
[SourceVersionDate "2008.11.26"]
[SourceQuality "1"]

1. d4 d5 2. c4 e6 3. Nf3 Nf6 4. g3 c5 5. cxd5 Nxd5 6. dxc5 Bxc5 7. Bg2 Nc6 8. 0-0 0-0 9. a3 b6 10. Qa4 Bb7 11. Nbd2 a6 12. Ne4 b5 13. Qc2 Be7 14. Rd1 Qc8 15. Bg5 f6 16. Bd2 f5 17. Nc3 Nf6 18. Rac1 Qe8 19. Qb3 Bd8 20. Bf4 Na5 21. Qa2 Nc4 22. a4 Ne4 23. b3 Nb6 24. Nxe4 Bxe4 25. Bd6 Be7 26. Qa3 Bxd6 27. Qxd6 Nc8 28. Qe5 b4 29. Rc7 Rf7 30. Rxf7 Kxf7 31. Ng5+ Kg8 32. Bxe4 fxe4 33. Qxe4 Ne7 34. Qxe6+ Kh8 35. Nf7+ 1-0

[Event "Campobasso op 10th"]
[Site "Campobasso"]
[Date "2003.07.13"]
[Round "5"]
[White "Mishin, Alexei"]
[Black "Gerardi, Saverio"]
[Result "1-0"]
[WhiteElo "2341"]
[BlackElo "2138"]
[PlyCount "111"]
[EventDate "2003.07.11"]
[EventType "swiss"]
[EventRounds "6"]
[EventCountry "ITA"]
[SourceTitle "EXT 2007"]
[Source "ChessBase"]
[SourceDate "2006.11.23"]
[SourceVersion "1"]
[SourceVersionDate "2006.11.23"]
[SourceQuality "1"]

1. d4 d5 2. c4 e6 3. Nc3 Nf6 4. Bg5 Be7 5. e3 Nbd7 6. Nf3 c6 7. Rc1 0-0 8. Bd3 dxc4 9. Bxc4 Nd5 10. Bxe7 Qxe7 11. Ne4 f5 12. Nc3 Kh8 13. 0-0 g5 14. Ne5 Nxe5 15. dxe5 Qg7 16. Bxd5 cxd5 17. f4 Bd7 18. Rf2 Rfc8 19. Rfc2 gxf4 20. exf4 Rc4 21. Ne2 Rg8 22. Nd4 Rb4 23. Qd2 Rb6 24. Rc7 Qe7 25. a3 Qd8 26. b4 Rg6 27. R7c5 a6 28. Nxf5 exf5 29. Rxd5 Rg7 30. Rd1 Rbg6 31. Rxd7 Rxg2+ 32. Qxg2 Rxd7 33. Rxd7 Qxd7 34. Qf3 Qd2 35. h3 h6 36. Kf1 Qh2 37. Qe3 Qh1+ 38. Ke2 Qg2+ 39. Kd3 Qb2 40. Kc4 Qc2+ 41. Kd4 Kg7 42. e6 Qc6 43. Qe5+ Kg6 44. e7 Qd7+ 45. Ke3 Kf7 46. e8Q+ Qxe8 47. Qxe8+ Kxe8 48. Kd4 Kf7 49. Ke5 Kg6 50. a4 b6 51. b5 a5 52. Ke6 Kh5 53. Kxf5 Kh4 54. Kg6 Kxh3 55. f5 Kg4 56. f6 1-0